Vista normal
Vista MARC
Entrada Geographic Name
Número de registros utilizados en: 1
001 - NÚMERO DE CONTROL
- campo de control: 7395
003 - IDENTIFICADOR DEL NÚMERO DE CONTROL
- campo de control: BIBLIOTECA DE LA MUNICIPALIDAD DE BARRANCO
005 - DATE AND TIME OF LATEST TRANSACTION
- campo de control: 20250520132825.0
008 - DATOS DE LONGITUD FIJA
- campo de control de longitud fija: 250520|| aca||aabn | a|a d
040 ## - FUENTE DE LA CATALOGACIÓN
- Centro catalogador/agencia de origen: BIBLIOTECA DE LA MUNICIPALIDAD DE BARRANCO
151 ## - CABECERA--NOMBRE GEOFRAFICO
- Nombre geográfico: Ica, Ica (Perú : Distrito)-Vida y costumbres sociales.





